000 00364nam a2200109Ia 4500
008 171204s9999 xx 000 0 und d
245 _aMusic, Performance, and the Realities of Film: Shared Concert Experiences in Screen Fiction
245 _cBen Winters
260 _c2014
650 _xINTRODUCTION TO FILM
856 _uhttp://down.ebook777.com/056/0415824532.pdf
999 _c346118
_d346118